000
00228 a2200097 4500
001
51033
100
_a
Schloher
245
_a
Introduction to electronics Warfare
260
_a
Washington
_b
Artech House
_c
090
_c
32321
_d
32321
942
_a
NUST-CAE
_c
M
_c
24805
999
_c
286106
_d
286106